| 000 | 01410aam a2200301 4500 | ||
|---|---|---|---|
| 001 | 14818 | ||
| 003 | CO-MdFUSB | ||
| 005 | 20170505090912.0 | ||
| 008 | 170505t19941995sp ||||g |||| 00| 0 spa d | ||
| 020 | _a84-487-0178-X | ||
| 040 |
_aCO-MdFUSB _bspa _cCO-MdFUSB _dCO-MdFUSBC _erda |
||
| 041 | 0 | _aspa | |
| 082 | 0 | 4 |
_a24 _2R 109 _bG752g Vol. 59 |
| 100 | 1 |
_aBenjamin, Walter _eautor |
|
| 245 | 1 | 0 |
_aGrandes obras del pensamiento _b: La metafísica de la juventud _c/ Walter Benjamin ; Luis Martínez de Velasco, Traductor |
| 264 | 1 |
_aBarcelona : _bAltaya, _c℗1995 |
|
| 264 | 4 | _c©1994 | |
| 300 |
_a189 Pág. _b: _c; |
||
| 336 |
_2rdacontent _a1 _ba1 |
||
| 337 |
_2rdamedia _a2 _b5 |
||
| 338 |
_2rdacarrier _a2 _b5 |
||
| 490 | _aGrandes Obras del Pensamiento | ||
| 500 | _aTítulo original : Gesammelte Schriften, Vol. II,1 | ||
| 505 | 0 | 0 | _ala reforma escolar: un movimiento cultural -- diálogo sobre la religiosidad contemporánea -- la enseñanza de la moral -- "experiencia" -- metafísica de la juventud -- veladas estudiantiles de literatura -- la posición religiosa de la nueva juventud -- la vida de los estudiantes -- dos poemas de Friedrich Holderlin -- Sócrates -- drama y tragedia -- el significado del lenguaje en el drama y en la tragedia |
| 650 | 1 | 4 | _aETICA \ VALORES (FILOSOFIA) \ METAFISICA \ FILOSOFIA ALEMANA (GRIEGA, HINDU, ETC.) |
| 650 | 7 |
_aFilosofía antigua _9168 |
|
| 942 | _cREF | ||
| 999 |
_c43646 _d43646 |
||